AU Scrabble Words 8 and Under - Statistics

General Stats
  • This quiz has been taken 18 times
  • The average score is 24 of 129
Answer Stats
Answer % Correct
Audio
100%
Aura
90%
Author
90%
Aunt
80%
Auntie
80%
Aunty
80%
Auto
80%
Aural
70%
Audit
60%
Audition
60%
August
60%
Auk
60%
Aurora
60%
Automat
60%
Auburn
50%
Auction
50%
Auditor
50%
Auger
50%
Augh
50%
Auteur
50%
Autist
50%
Autistic
50%
Auditory
40%
Augment
40%
Augur
40%
Austere
40%
Automate
40%
Autumn
40%
Audacity
30%
Audial
30%
Aught
30%
Aurally
30%
Austral
30%
Autism
30%
Auberge
20%
Audible
20%
Audience
20%
Auding
20%
Auditive
20%
Augural
20%
Augurer
20%
Auld
20%
Aureus
20%
Auric
20%
Aurous
20%
Auspice
20%
Autobahn
20%
Autobus
20%
Autocrat
20%
Autofill
20%
Automan
20%
Autonomy
20%
Autumnal
20%
Audibly
10%
Audient
10%
Audist
10%
Auditee
10%
Augury
10%
Auntly
10%
Aurality
10%
Aurar
10%
Auricle
10%
Auris
10%
Auroral
10%
Aurum
10%
Autarch
10%
Autarchy
10%
Autarkic
10%
Autarky
10%
Automata
10%
Autosome
10%
Auxin
10%
Aubade
0%
Aubretia
0%
Aubrieta
0%
Aucuba
0%
Audad
0%
Audile
0%
Audism
0%
Augend
0%
Augite
0%
Augitic
0%
Augustly
0%
Auklet
0%
Aulic
0%
Aumbry
0%
Aunthood
0%
Auntlike
0%
Aurate
0%
Aurated
0%
Aureate
0%
Aureola
0%
Aureole
0%
Auricled
0%
Auricula
0%
Auriform
0%
Aurist
0%
Aurochs
0%
Aurorean
0%
Ausform
0%
Auspex
0%
Ausubo
0%
Autacoid
0%
Autecism
0%
Autobody
0%
Autocade
0%
Autocoid
0%
Autodial
0%
Autodyne
0%
Autogamy
0%
Autogeny
0%
Autogiro
0%
Autogyro
0%
Autoharp
0%
Autoload
0%
Autolyse
0%
Autolyze
0%
Autonym
0%
Autopen
0%
Autopsic
0%
Autopsy
0%
Autosave
0%
Autotomy
0%
Autotype
0%
Autotypy
0%
Autunite
0%
Auxesis
0%
Auxetic
0%
Auxinic
0%
No matching quizzes found
Score Distribution
Percent of People with Each Score
Percentile by Number Answered
Your Score History
You have not taken this quiz